4 Letter Greats (Cricket Soccer & Afl) - Statistics

General Stats
  • This quiz has been taken 63 times
  • The average score is 6 of 22
Answer Stats
Hint Answer % Correct
Fremantle brownlow medallist Fyfe
56%
Former west coast & Carlton skipper Judd
54%
Legendary fremantle coach Lyon
52%
English striker of Spurs Kane
50%
Legendary Brisbane Lions skipper Voss
48%
Australian fast bowler - Wild Thing Tait
38%
Barca legendary midfielder Xavi
36%
South African batsmen Amla
34%
Chelsea's legendary leftback Cole
30%
Korean mid of Utd Park
28%
Austrlian keeper (soccer) Ryan
26%
Portugese mid of Utd Nani
24%
Australian keeper (cricket) Wade
24%
Spaniard mid of chelsea than Utd Mata
20%
English striker of Liverpool Utd Newcastle & Stoke Owen
20%
Australian 1990's batsmen Boon
18%
Man Utd legendarY leftback Evra
16%
Legendary 1990's Man Utd & Liverpool mid Ince
12%
Another legendary Man Utd leftback Shaw
10%
Chelsea newcastle & fulham leftwing Duff
8%
Legendary cricket commentator Greg
8%
Legendary soccer commentator Hill
6%
No matching quizzes found
Score Distribution
Percent of People with Each Score
Percentile by Number Answered
Your Score History
You have not taken this quiz